000 00699nam a2200289Ia 4500
005 20260324131016.0
008 008 260324s9999 xx 000 0 eng d
020 _a9780203698754
037 _aEBOOK
040 _aCRL
040 _beng
040 _cCRL
041 _2eng
041 _aeng
084 _qCRL
100 _aTsukasa Takamine
_91183871
245 0 _aJapan's Development Aid to China
245 4 _bThe Long-Running Foreign Policy of Engagement
260 _bTaylor and Francis
260 _c2006
365 _a
365 _b145
856 _uhttp://www.taylorfrancis.com/books/9780203698754
942 _cEBOOK
999 _c1780657
_d1780657